| 000 | 00438nam a2200157Ia 4500 | ||
|---|---|---|---|
| 008 | 240729s9999 xx 000 0 und d | ||
| 022 | _a2093-1409 | ||
| 245 | 0 | _aJournal of Astronomy and Space Sciences | |
| 260 | _aKorea, Republic of | ||
| 260 | _bThe Korean Space Science Society | ||
| 650 | _a Astronomy | ||
| 650 | _aScience | ||
| 856 | _uhttps://doaj.org/toc/52b2088a93c84777850286b80186ba9c | ||
| 942 | _2ddc | ||
| 942 | _cDOAJEJ | ||
| 999 |
_c67919 _d67919 |
||
| 945 |
_a1 _bMadushi Gamage _c1 _dMadushi Gamage |
||